000 00521nam a2200193 i 4500
001 65117
003 ES-MaACL
005 20230906165312.0
007 t|
008 040108s1986 sp ||||1| spa d
020 _a84-85942-37-X
100 1 _aFraile Clivilles, Manuel.
_952107
245 1 0 _aManual de legislación electoral /
_cManuel Fraile Clivilles.
250 _a[1ª ed.].
260 _aMadrid :
_bCeuta,
_c1986.
300 _a545 p. ;
_c24 cm.
500 _aIndices.
852 _aES-MaACL
_jL-10032
_bR.111844
999 _c65117
_d65117